000 00931nam a2200253Ia 4500
003 GCL
008 140319s9999 xx 000 0 ara d
020 _a5676086977
040 _aGCL /
_cGCL
082 0 4 _a370.19
_bع د
100 1 _aعبدالعزيز الغريب
245 1 0 _aدراسات فى اجتماعيات التربية /
_cعبدالعزيز الغريب
250 _aالاولى
260 _aالقاهرة :
_bالدار العالمية للنشر والتوزيع ،
_c2005
300 _a287 ص ؛
_c24 سم
650 0 4 _aالاجتماع التربوى - علم
650 0 4 _aالمدرسة والمجتمع
650 0 4 _aالاستقرار الاجتماعى
650 0 4 _aالتعليم - الجوانب الاقتصادية
650 0 4 _aالشباب - رعاية اجتماعية
650 0 4 _aاطفال الشوارع
650 0 4 _aالحرمان من التعليم
942 _2ddc
_cBK
999 _c57535
_d57535